000 03627cam a22013094i 4500
003 PE-LiUPU
005 20250813185327.0
008 120619s2010 ck a rb 000 0 spa d
020 _a9588675146
020 _a9789588675145
035 _a(Sirsi) i9789588675145
040 _aPUCPR
_bspa
_cPUCPR
_dPUCPR
_dCKJAV
_dPE-LiUPU
_erda
049 _aPRUA
050 4 _aLC 1200
_bM93
082 0 4 _a371.92
_bM95
_222
100 1 _aMuntaner Guasp, Joan J.,
_eautor.
245 1 0 _aEscuela y discapacidad intelectual :
_bpropuestas para trabajar en el aula ordinaria /
_cJoan J. Muntaner Guasp.
250 _aPrimera edición.
264 1 _aBogotá :
_bEdiciones de la U,
_c2010.
300 _a165 páginas :
_bilustraciones ;
_c24 centímetros.
336 _text
_2rdacontent
337 _unmediated
_2rdamedia
338 _volume
_2rdacarrier
490 0 _aEducación
500 _aEdición original publicada por EDUFORMA, marca registrada de Editorial MAD, S.L. (España).
504 _aBibliografía : páginas 153-158.
505 0 _aDe la deficiencia mental a la discapacidad intelectual -- La educación inclusiva como referente -- Eliminar barreras al aprendizaje -- La programación de aula: proceso y desarrollo -- algunas estrategias docentes que favorecen la participación -- Buenas prácticas como conclusión -- Orientación y propuestas para seguir trabajando.
526 _aP202
526 _aP201
526 _aP163
526 _aP162
526 _aP161
526 _aP160
526 _aP148
526 _aP147
526 _aP146
526 _aP145
526 _aP144
526 _aP143
526 _aP142
526 _aP141
526 _aP140
526 _aP139
526 _aP138
526 _aP137
526 _aP136
526 _aP135
526 _aP134
526 _aP133
526 _aP129
526 _aP128
526 _aP127
526 _aP120
526 _aP119
526 _aP118
526 _aP116
526 _aP115
526 _aP114
526 _aP110
526 _aP109
526 _aP108
526 _aP104
526 _aP103
526 _aP102
526 _aP99
526 _aP98
526 _aP97
526 _aP96
526 _aP95
526 _aP93
526 _aP90
526 _aP89
526 _aP88
526 _aP83
526 _aP82
526 _aP62
526 _aP59
526 _aP58
526 _aP57
526 _aP51
526 _aP49
526 _aP48
526 _aP47
526 _aP29
526 _aP24
526 _aP20
526 _aP19
526 _aP17
526 _aP15
526 _aP14
526 _aP12
526 _aP10
526 _aP09
526 _aP08
526 _aP07
526 _aP06
526 _aP05
526 _aP04
526 _aP01
541 _g001-00126;
650 1 4 _aEducación inclusiva.
650 2 4 _aCalidad de vida
_xAspectos educativos.
650 2 4 _aMétodos de enseñanza.
650 2 4 _aPsicología del aprendizaje.
_9227
650 2 4 _aTrastornos del aprendizaje.
910 _alclll
_bjck
_clcll
_d20160705
942 _2ddc
_cBOOK
949 _a371.92 M95
_wDEWEY
_c1
_i73488
_lCCODEBUL1
_mBUL
_p9.00
_r0
_sY
_tBOOK
_u2016-7-5
_xEDUCACION
_PP20
_0COMPRA
_o.STAFF. Colección General
994 _aC0
_bPEPRU
596 _a1
999 _a371.92 M95
_wDEWEY
_c10419
_i73488
_d10419
_f2021-11-8
_g6
_lCCODEBUL1
_mBUL
_p9.00
_q1
_r0
_sY
_tBOOK
_u2016-7-5
_xEDUCACION
_PP20
_0COMPRA
_o.STAFF. Colección General
980 _81
_gALBERTO SANCHEZ Responsable de Automatización